Sports Quiz

Random Sports Quiz

Any Bulls international player Quiz Stats

 Plays Quiz not verified by Sporcle

Challenge
Share
Tweet
Score 0/34 Timer 06:00
0 Plays Today
% Correct
Ben Gordon
96.2%
Luol Deng
96.2%
Joakim Noah
92.3%
Steve Kerr
92.3%
Toni Kukoc
88.5%
Carlos Boozer
88.5%
Pau Gasol
84.6%
Nikola Mirotic
84.6%
Marco Belinelli
80.8%
Omer Asik
80.8%
Andres Nocioni
73.1%
Luc Longley
65.4%
Thabo Sefolosha
65.4%
Cameron Bairstow
61.5%
Bill Wennington
57.7%
Vladimir Radmanovic
57.7%
Cristiano Felicio
57.7%
% Correct
Joe Alexander
34.6%
Paul Zipser
28.6%
Joffrey Lauvergne
28.6%
Kornel David
26.9%
Darius Songaila
26.9%
Viktor Khryapa
26.9%
Dalibor Bagaric
26.9%
Luke Schenscher
26.9%
Dragan Tarlac
23.1%
Erik Murphy
23.1%
Chris Anstey
19.2%
Jo Jo English
15.4%
Tornike Shengelia
15.4%
John Brown
11.5%
Wallace Bryant
11.5%
Randy Holcomb
11.5%
Mike Smrek
11.5%

You're not logged in!

Compare scores with friends on all Sporcle quizzes.
Join for Free
OR
Log In

You Might Also Like...

Show Comments

Extras

Created Feb 15, 2017ReportNominate
Tags:bull, international, player, Slideshow

Top Quizzes Today


Score Distribution

Your Account Isn't Verified!

In order to create a playlist on Sporcle, you need to verify the email address you used during registration. Go to your Sporcle Settings to finish the process.

Report this User

Report this user for behavior that violates our Community Guidelines.

Details: